Špecifické matematické poznatky pre vyučovanie

Bibliographic Details
Main Authors: Marcinek, Tibor, 1971- (Author), Žilková, Katarína, 1971- (Author), Kopáčová, Jana (Author)
Format: Book
Language:Slovak
Published: V Bratislave Univerzita Komenského 2013
Edition:1. vyd.
Subjects:

MARC

LEADER 00000nam a2200000 a 4500
001 vtls010600923
003 SK-MaSNL
005 20260302013308.0
008 160429s2013 xo da f n 000 0 slo
015 |a SNBA2014/07 
020 |a 9788022335218 (brož.) 
035 |a ABC1FE11-635C-4442-B32B-2A8B211BF89A 
035 |a urn:nbn:sk:snk-amk5kj 
035 |a urn:nbn:sk:snk-am0048l1 
040 |a SNK  |b slo  |c SNK  |e AACR2 
041 0 |a slo 
044 |a xo  |c SK 
072 7 |a 37  |x Výchova a vzdelávanie  |2 konspekt 
080 |a 37.011/.012  |2 2001 
080 |a 51  |2 2001 
080 |a 519.23  |2 2001 
080 |a 37.03:51  |2 2001 
080 |a (048.8)  |2 2001 
245 0 0 |a Špecifické matematické poznatky pre vyučovanie  |c Edita Partová ... [et al.] 
250 |a 1. vyd. 
260 |a V Bratislave  |b Univerzita Komenského  |c 2013 
300 |a 89 s.  |b grafy, ilustr., tab.  |c 21 cm 
504 |a Bibliogr.: s. 81-86 
650 0 7 |a matematické kompetencie  |2 SNKPH  |9 511149 
650 0 7 |a hodnotenie vedomostí  |2 SNKPH  |9 509888 
650 0 7 |a učivo základných škôl  |2 SNKPH  |9 63300 
650 0 7 |a Elementary school curriculum  |2 SNKPHeng  |9 306214 
655 7 |a štúdie  |2 SNKPH  |9 57033 
655 7 |a Studies  |2 SNKPHeng  |9 265573 
700 1 |a Marcinek, Tibor,  |d 1971-  |4 aut  |9 222510 
700 1 |a Žilková, Katarína,  |d 1971-  |4 aut  |9 204862 
700 1 |a Kopáčová, Jana  |4 aut  |9 15031 
752 |a Slovensko  |d Bratislava 
919 |a 978-80-223-3521-8 
999 |c 1012425  |d 1014355 
952 |a SNK  |b SNK  |y PREZ  |7 0  |p 17A1111379  |o snkSC 159845  |i snk2014/13078  |8 0  |0 0  |1 0  |4 0  |d 2014-06-04  |f 1  |l 0  |r 2025-08-21 00:00:00  |w 2026-02-24 
952 |a SNK  |b SNK  |y VYP  |7 0  |p 17A1111380  |o snkSC 159845 D1  |i snk2014/13079  |8 0  |0 0  |1 0  |4 0  |d 2014-06-04  |l 0  |r 2026-02-24 12:57:47  |w 2026-02-24